banner-ar

العلاقات العربية - الايرانية : الاتجاهات الراهنة وافاق المستقبل : بحوث ومناقشات الندوة الفكرية التى نظمها مركز دراسات الوحدة العربية بالتعاون مع جامعة قطر / (Record no. 49024)

MARC details
000 -الفاتح
حقل البيانات ثابتة الطول 00888nam a2200181Ia 4500
008 - عناصر البيانات ثابتة الطول - معلومات عامة
حقل البيانات ثابتة الطول 140319s9999 xx 000 0 ara d
040 ## - مصدر الفهرسة
وكالة الفهرسة الأصلية GCL /
وكالة النسخ GCL
082 04 - رقم تصنيف ديوى العشرى
رقم التصنيف 327.56055
رقم المادة ع ع
100 1# - المدخل الرئيسى - إسم شخصى
الإسم الشخصى عبدالعزيز الدوري
245 10 - بيان العنوان
العنوان العلاقات العربية - الايرانية : الاتجاهات الراهنة وافاق المستقبل : بحوث ومناقشات الندوة الفكرية التى نظمها مركز دراسات الوحدة العربية بالتعاون مع جامعة قطر /
بيان المسئوليه,etc عبدالعزيز الدوري
300 ## - الوصف المادى
التعداد 1006 ص
490 ## - بيان السلسلة
عنوان السلسلة الهيئة العامة للاستعلامات
رقم المجلد/ التعيين التسلسلي 0
650 04 - المدخل الاضافى بالموضوع-مصطلح موضوعى
مصطلح موضوعي العلاقات الدولية
650 04 - المدخل الاضافى بالموضوع-مصطلح موضوعى
مصطلح موضوعي البلدان العربية - العلاقات الخارجية - ايران
650 04 - المدخل الاضافى بالموضوع-مصطلح موضوعى
مصطلح موضوعي العلاقات العربية - ايران
942 ## - عناصر المدخل الإضافي( كوها)
مصدر التصنيف او مخطط الترفيف Dewey Decimal Classification
Koha [default] item type كتاب
Holdings
حالة التراجع حالة الفقد حالة تلف ليس للاعارة المكان المؤقت الموقع الحالى تاريخ الاكتساب اجمالي اﻻعارات رقم الطلب الباركود تاريخ اخر مشاهدة تاريخ تفعيل السعر نوع وعاء كوها
        مكتبة القاهرة الكبرى مكتبة القاهرة الكبرى 03/26/2014   327.56055\ع ع 117920 03/26/2014 03/26/2014 كتاب

Powered By

EGPV